|
|
|
|
| LEADER |
01382nam a2200253 a 4500 |
| 001 |
253595 |
| 008 |
090909s1977 miu 000 0 eng d |
| 082 |
0 |
0 |
|a 374
|2 18
|
| 111 |
2 |
0 |
|a Conference and Workshop on Non-formal Education and the Rural Poor.
|b 2d.,
|c Michigan State University,
|d 1976.
|
| 245 |
0 |
0 |
|a Report of Conference and Workshop on Non-Formal Education and the Rural Poor /
|c Richard O. Niehoff editor, Kenneth L. Neff.
|
| 260 |
|
|
|a [East Lansing] :
|b Institute for International Studies in Education, College of Education, Michigan State University,
|c 1977.
|
| 300 |
|
|
|a xii, 248 p. ;
|c 23 cm.
|
| 500 |
|
|
|a "Under the joint sponsorship of Michigan State University and The Agency for International Development."
|
| 541 |
1 |
|
|e 00002921
|
| 650 |
|
0 |
|a Non-formal education
|x Congresses.
|
| 650 |
|
0 |
|a Education, Rural
|x Congresses.
|
| 651 |
|
0 |
|a Education
|z Developing countries
|x Congresses.
|
| 700 |
1 |
|
|a Niehoff, Richard O.
|
| 700 |
|
|
|a Neff, Kenneth L.
|q (Kenneth Lee),
|d 1928-
|
| 710 |
2 |
0 |
|a Michigan State University.
|b Program of Studies in Non-formal Education.
|
| 740 |
0 |
|
|a Non-formal education and the rural poor.
|
| 852 |
4 |
|
|a Ayesha Abed Library
|j General Shelf.
|
| 999 |
|
|
|c 4014
|d 4014
|
| 952 |
|
|
|0 0
|1 0
|2 ddc
|4 0
|6 374_REP
|7 0
|8 NFIC
|9 3697
|a BRACUL
|b BRACUL
|c GEN
|d 2009-10-01
|g 0.00
|l 0
|o 374 REP
|p 3010002921
|r 2009-10-01
|t 1
|w 2009-10-01
|y BK
|x No price found in the accession register.
|